[Event "Saint Louis Fall-B"]
[Site "Saint Louis"]
[Date "2019.09.18"]
[Round "9"]
[White "Fier, Alexandr"]
[Black "Grigoryan, Avetik"]
[Result "1/2-1/2"]
[WhiteElo "2549"]
[BlackElo "2568"]
[PlyCount "70"]
[EventDate "2019.09.10"]
[EventType "tourn"]
[EventRounds "9"]
[EventCountry "USA"]
[EventCategory "13"]
[SourceTitle "EXT 2020"]
[Source "ChessBase"]
[SourceDate "2019.10.17"]
[SourceVersion "1"]
[SourceVersionDate "2019.10.17"]
[SourceQuality "1"]

1. c4 Nf6 2. Nc3 g6 3. d4 Bg7 4. e4 d6 5. Be2 0-0 6. Nf3 e5 7. d5 a5 8. Bg5 h6 9. Be3 Ng4 10. Bd2 f5 11. exf5 gxf5 12. h3 Nf6 13. Qc1 Kh7 14. g4 Na6 15. gxf5 Bxf5 16. Nh4 Qd7 17. Nxf5 Qxf5 18. Qb1 Qxb1+ 19. Rxb1 c6 20. a3 cxd5 21. Nxd5 Nxd5 22. cxd5 Nc5 23. Be3 e4 24. 0-0 Rf5 25. Rfd1 h5 26. Bc4 Rg8 27. Kf1 Bh6 28. Bxc5 dxc5 29. d6 Rgf8 30. d7 Rxf2+ 31. Ke1 Rh2 32. d8Q Rh1+ 33. Ke2 Rh2+ 34. Ke1 Rh1+ 35. Ke2 Rh2+ 1/2-1/2

[Event "Saint Louis Fall-B"]
[Site "Saint Louis"]
[Date "2019.09.15"]
[Round "6"]
[White "Grigoryan, Avetik"]
[Black "Kadric, Denis"]
[Result "1/2-1/2"]
[WhiteElo "2568"]
[BlackElo "2558"]
[PlyCount "71"]
[EventDate "2019.09.10"]
[EventType "tourn"]
[EventRounds "9"]
[EventCountry "USA"]
[EventCategory "13"]
[SourceTitle "EXT 2020"]
[Source "ChessBase"]
[SourceDate "2019.10.17"]
[SourceVersion "1"]
[SourceVersionDate "2019.10.17"]
[SourceQuality "1"]

1. e4 d6 2. f4 Nf6 3. Nc3 g6 4. Bc4 e6 5. Bb3 d5 6. d3 dxe4 7. dxe4 Qxd1+ 8. Kxd1 b6 9. Nf3 Bb4 10. Bd2 0-0 11. e5 Bxc3 12. Bxc3 Rd8+ 13. Ke1 Nd5 14. Bxd5 exd5 15. h3 c5 16. g4 d4 17. Bd2 Bb7 18. Kf2 Nd7 19. Rae1 c4 20. Bb4 Nc5 21. Bxc5 bxc5 22. e6 fxe6 23. Rxe6 Rab8 24. b3 cxb3 25. cxb3 Bd5 26. Re7 c4 27. bxc4 Rb2+ 28. Kg3 Bxf3 29. Kxf3 Rxa2 30. Rb1 d3 31. Rbb7 d2 32. Rg7+ Kf8 33. Rgf7+ Kg8 34. Rg7+ Kf8 35. Rbf7+ Ke8 36. Re7+ 1/2-1/2

[Event "Saint Louis Fall-B"]
[Site "Saint Louis"]
[Date "2019.09.10"]
[Round "1"]
[White "Grigoryan, Avetik"]
[Black "Zierk, Steven C"]
[Result "0-1"]
[WhiteElo "2568"]
[BlackElo "2517"]
[PlyCount "96"]
[EventDate "2019.09.10"]
[EventType "tourn"]
[EventRounds "9"]
[EventCountry "USA"]
[EventCategory "13"]
[SourceTitle "EXT 2020"]
[Source "ChessBase"]
[SourceDate "2019.10.17"]
[SourceVersion "1"]
[SourceVersionDate "2019.10.17"]
[SourceQuality "1"]

1. Nf3 Nf6 2. g3 b6 3. Bg2 Bb7 4. 0-0 g6 5. d4 Bg7 6. c4 0-0 7. d5 e6 8. Nc3 exd5 9. cxd5 Re8 10. Bf4 Na6 11. Rc1 c6 12. a3 Nxd5 13. Nxd5 cxd5 14. b4 d6 15. Qd2 Nc7 16. Rfd1 Ne6 17. Bh6 Bf6 18. Be3 Rc8 19. Rxc8 Qxc8 20. h4 Qd7 21. Qd3 Rc8 22. Bd4 Nxd4 23. Nxd4 Qa4 24. h5 Rc3 25. Qd2 Rxa3 26. Kh2 Ra2 27. Qf4 Be5 28. Qh4 Qe8 29. Bf3 Rb2 30. b5 Rb4 31. e3 Rb2 32. Kg2 Bg7 33. Rc1 Qxe3 34. Rc2 Rxc2 35. Qd8+ Bf8 36. Nxc2 Qc5 37. hxg6 hxg6 38. Nd4 Qc8 39. Qg5 a6 40. Nc6 axb5 41. Nd8 Ba8 42. Bg4 d4+ 43. Kh2 Qc7 44. Be6 fxe6 45. Qxg6+ Qg7 46. Qxe6+ Kh7 47. Qf5+ Qg6 48. Qxf8 Qh5+ 0-1

[Event "ARM-ch 1st League 75th"]
[Site "Yerevan"]
[Date "2015.01.21"]
[Round "9"]
[White "Grigoryan, Avetik"]
[Black "Grigoryan, Karen H"]
[Result "1/2-1/2"]
[WhiteElo "2580"]
[BlackElo "2587"]
[PlyCount "74"]
[EventDate "2015.01.12"]
[EventType "tourn"]
[EventRounds "9"]
[EventCountry "ARM"]
[EventCategory "12"]
[SourceTitle "CBM 165"]
[Source "ChessBase"]
[SourceDate "2015.03.11"]
[SourceVersion "1"]
[SourceVersionDate "2015.03.11"]
[SourceQuality "1"]

1. c4 e5 2. Nc3 Nf6 3. Nf3 Nc6 4. e4 Bb4 5. d3 d6 6. a3 Bxc3+ 7. bxc3 0-0 8. g3 Ne8 9. Bg2 f5 10. exf5 Bxf5 11. Nh4 Be6 12. 0-0 Nf6 13. Rb1 Rb8 14. h3 Qd7 15. Kh2 d5 16. cxd5 Bxd5 17. Nf3 e4 18. Ng5 exd3 19. Qxd3 Ne5 20. Bxd5+ Qxd5 21. Qxd5+ Nxd5 22. Kg2 Rfe8 23. Re1 Nd3 24. Rxe8+ Rxe8 25. c4 Nb6 26. Be3 Nxc4 27. Rxb7 Nxe3+ 28. fxe3 h6 29. Nf3 c5 30. Rxa7 Rxe3 31. Nh4 Re5 32. Rc7 Kh7 33. Kf3 Ne1+ 34. Kf4 Nd3+ 35. Kf3 Ne1+ 36. Kf2 Nd3+ 37. Kf3 Ne1+ 1/2-1/2

[Event "ARM-ch 1st League 75th"]
[Site "Yerevan"]
[Date "2015.01.19"]
[Round "7"]
[White "Grigoryan, Avetik"]
[Black "Kotanjian, Tigran"]
[Result "1/2-1/2"]
[WhiteElo "2580"]
[BlackElo "2501"]
[PlyCount "46"]
[EventDate "2015.01.12"]
[EventType "tourn"]
[EventRounds "9"]
[EventCountry "ARM"]
[EventCategory "12"]
[SourceTitle "CBM 165"]
[Source "ChessBase"]
[SourceDate "2015.03.11"]
[SourceVersion "1"]
[SourceVersionDate "2015.03.11"]
[SourceQuality "1"]

1. c4 c5 2. g3 g6 3. Bg2 Bg7 4. Nc3 Nc6 5. Nf3 e6 6. d4 cxd4 7. Nb5 d5 8. cxd5 exd5 9. 0-0 Nge7 10. Bf4 0-0 11. Qd2 Bg4 12. Nbxd4 Qb6 13. h3 Bxf3 14. Nxf3 Rfd8 15. Rac1 Rd7 16. Rb1 d4 17. Ne1 Nd5 18. Nd3 Nxf4 19. Qxf4 Re8 20. Qd2 Rde7 21. Bf3 Ne5 22. Nxe5 Bxe5 23. Kg2 Rc8 1/2-1/2

[Event "ARM-ch 1st League 75th"]
[Site "Yerevan"]
[Date "2015.01.18"]
[Round "6"]
[White "Mikaelyan, Arman"]
[Black "Grigoryan, Avetik"]
[Result "1-0"]
[WhiteElo "2350"]
[BlackElo "2580"]
[PlyCount "187"]
[EventDate "2015.01.12"]
[EventType "tourn"]
[EventRounds "9"]
[EventCountry "ARM"]
[EventCategory "12"]
[SourceTitle "CBM 165"]
[Source "ChessBase"]
[SourceDate "2015.03.11"]
[SourceVersion "1"]
[SourceVersionDate "2015.03.11"]
[SourceQuality "1"]

1. Nf3 d5 2. c4 c6 3. e3 e6 4. Nc3 f5 5. b3 Nf6 6. Bb2 Bd6 7. Qc2 0-0 8. Be2 Bd7 9. 0-0 Qe7 10. Rac1 Be8 11. cxd5 cxd5 12. Nb5 Bxb5 13. Bxb5 a6 14. Be2 Nbd7 15. d4 Kh8 16. Ne5 Rg8 17. f3 Raf8 18. Bd3 Bb8 19. Qd2 g5 20. Qa5 Qg7 21. Qb4 Nxe5 22. dxe5 Nh5 23. Qb6 f4 24. Qxe6 fxe3 25. Qb6 Re8 26. Qxe3 Bxe5 27. Bxe5 Rxe5 28. Qd4 Nf4 29. Kh1 Nxg2 30. Bxh7 Rge8 31. Bg6 Rf8 32. Qb4 Ne3 33. Rg1 Qf6 34. Rg3 Kg8 35. Bd3 Qf4 36. Qxb7 Nf5 37. Rxg5+ Qxg5 38. Rg1 Ng7 39. Rxg5 Rxg5 40. f4 Rxf4 41. Qb8+ Rf8 42. Bh7+ Kxh7 43. Qxf8 Re5 44. Qf1 a5 45. Qb5 Ne6 46. Qxa5 Kg6 47. Qd2 Kf5 48. a4 Nf4 49. a5 Re6 50. Qc2+ Ke5 51. Kg1 Kd4 52. Qf2+ Ke4 53. Qc2+ Kf3 54. Kf1 d4 55. Qd1+ Ke3 56. Qc1+ Kf3 57. Qa1 Ke3 58. a6 Ne2 59. Qa5 d3 60. Ke1 Rxa6 61. Qe5+ Kf3 62. Kd2 Ra2+ 63. Kxd3 Nf4+ 64. Kc4 Rc2+ 65. Kb5 Rxh2 66. Qc3+ Ke4 67. Qc4+ Ke5 68. b4 Rh5 69. Ka6 Rh6+ 70. Ka5 Re6 71. Qc7+ Ke4 72. Qh7+ Ke5 73. Kb5 Rf6 74. Qe7+ Re6 75. Qc5+ Kf6 76. Kc4 Re4+ 77. Kc3 Ke6 78. b5 Nd5+ 79. Kb3 Re3+ 80. Ka4 Rc3 81. Qd4 Kd6 82. Qg1 Rc4+ 83. Ka5 Rc3 84. Qg6+ Kc5 85. Qg1+ Kc4 86. Qf1+ Kc5 87. Qf2+ Kd6 88. Qf8+ Kd7 89. b6 Rb3 90. Qf7+ Kd6 91. b7 Ra3+ 92. Kb5 Rb3+ 93. Ka4 Rb2 94. Qf8+ 1-0

[Event "ARM-ch 1st League 75th"]
[Site "Yerevan"]
[Date "2015.01.14"]
[Round "3"]
[White "Grigoryan, Avetik"]
[Black "Shahinyan, David"]
[Result "1-0"]
[WhiteElo "2580"]
[BlackElo "2431"]
[PlyCount "93"]
[EventDate "2015.01.12"]
[EventType "tourn"]
[EventRounds "9"]
[EventCountry "ARM"]
[EventCategory "12"]
[SourceTitle "CBM 165"]
[Source "ChessBase"]
[SourceDate "2015.03.11"]
[SourceVersion "1"]
[SourceVersionDate "2015.03.11"]
[SourceQuality "1"]

1. d4 d6 2. e4 Nf6 3. f3 e5 4. Ne2 Be7 5. c4 Nh5 6. Nbc3 c6 7. Be3 Bg5 8. Qd2 h6 9. g3 Bxe3 10. Qxe3 Qg5 11. f4 exf4 12. gxf4 Qh4+ 13. Qf2 Qxf2+ 14. Kxf2 0-0 15. Bg2 Re8 16. Bf3 Nf6 17. Rhg1 Be6 18. b3 Na6 19. Rg3 Kf8 20. Rag1 g6 21. e5 dxe5 22. fxe5 Nh7 23. Ne4 Rad8 24. Nd6 Re7 25. Nf4 g5 26. Be4 Red7 27. Bxh7 gxf4 28. Rf3 b5 29. Rxf4 bxc4 30. bxc4 Rxd6 31. exd6 Rxd6 32. Rg8+ Ke7 33. Ra8 Rd7 34. Bf5 Bxf5 35. Rxf5 Nb4 36. Rh5 Rxd4 37. Rxh6 Rd2+ 38. Ke3 Rxa2 39. Rb8 Ra3+ 40. Ke4 Nd3 41. Rb7+ Kf8 42. Rxc6 Nf2+ 43. Kf4 Nd3+ 44. Kf5 Kg7 45. Rg6+ Kf8 46. Rg3 Ra5+ 47. Rb5 1-0

[Event "Quezon City op"]
[Site "Quezon City"]
[Date "2014.12.09"]
[Round "6"]
[White "Grigoryan, Avetik"]
[Black "Gomez, John Paul"]
[Result "1-0"]
[WhiteElo "2580"]
[BlackElo "2510"]
[PlyCount "77"]
[EventDate "2014.12.06"]
[EventType "swiss"]
[EventRounds "10"]
[EventCountry "PHI"]
[SourceTitle "CBM 163 Extra"]
[Source "ChessBase"]
[SourceDate "2014.12.23"]
[SourceVersion "1"]
[SourceVersionDate "2014.12.23"]
[SourceQuality "1"]

1. c4 c6 2. Nf3 d5 3. g3 Nf6 4. Bg2 Bf5 5. 0-0 e6 6. cxd5 exd5 7. d3 Be7 8. Qb3 Qb6 9. Qc2 0-0 10. Nc3 d4 11. Na4 Qd8 12. Nc5 Bg4 13. Bd2 Bxf3 14. Bxf3 Bxc5 15. Qxc5 Na6 16. Qc4 Nc7 17. b4 Qd7 18. a4 a6 19. Kg2 Rfe8 20. h3 Rad8 21. Rfc1 h6 22. Qb3 Nh7 23. Rc5 Qe7 24. h4 Nf8 25. h5 Nd7 26. Rf5 Ne5 27. Be4 Nd5 28. Rh1 Nf6 29. Rh4 Qd7 30. Rff4 Nxe4 31. Rxe4 Qd5 32. Qxd5 cxd5 33. Rxd4 Nc6 34. Rdg4 Ne5 35. Rf4 Rc8 36. Rd4 Rc2 37. Rxd5 Rxd2 38. Re4 f6 39. f4 1-0

[Event "Quezon City op"]
[Site "Quezon City"]
[Date "2014.12.07"]
[Round "3"]
[White "Segarra, Randy"]
[Black "Grigoryan, Avetik"]
[Result "1-0"]
[WhiteElo "2308"]
[BlackElo "2580"]
[PlyCount "115"]
[EventDate "2014.12.06"]
[EventType "swiss"]
[EventRounds "10"]
[EventCountry "PHI"]
[SourceTitle "CBM 163 Extra"]
[Source "ChessBase"]
[SourceDate "2014.12.23"]
[SourceVersion "1"]
[SourceVersionDate "2014.12.23"]
[SourceQuality "1"]

1. e4 e5 2. Nf3 Nc6 3. Bb5 a6 4. Ba4 Nf6 5. d3 b5 6. Bb3 Bc5 7. a4 b4 8. 0-0 d6 9. h3 Be6 10. Bxe6 fxe6 11. Be3 Bxe3 12. fxe3 0-0 13. Nbd2 Ne7 14. Nc4 Ng6 15. Qe1 Rb8 16. Qg3 c6 17. Rf2 Qc7 18. Ng5 Rbe8 19. h4 Qe7 20. Raf1 Nh8 21. Qh3 h6 22. Nf3 Nd7 23. Qg3 Rf6 24. h5 Ref8 25. d4 exd4 26. Qxd6 Qxd6 27. Nxd6 dxe3 28. Re2 Nf7 29. Nxf7 R8xf7 30. Rd1 Nc5 31. Rd4 a5 32. b3 Rc7 33. Rxe3 Nd7 34. Red3 Rf7 35. Rd6 c5 36. Rxe6 c4 37. Re8+ Rf8 38. Rxf8+ Kxf8 39. Rd5 cxb3 40. cxb3 Rc1+ 41. Kh2 Nc5 42. Nd4 Kf7 43. e5 Rc3 44. Ne2 Rc2 45. Nf4 Rc3 46. e6+ Ke7 47. Re5 Rc2 48. Ng6+ Ke8 49. e7 Nb7 50. Rf5 Re2 51. Rb5 Nd6 52. Rxa5 Kf7 53. Rd5 Ne8 54. Rb5 Re3 55. Rxb4 Kf6 56. g4 Ke6 57. Kg2 Kd7 58. a5 1-0

[Event "Kolkata op 19th"]
[Site "Kolkata"]
[Date "2014.03.27"]
[Round "10"]
[White "Deepan Chakkravarthy, J."]
[Black "Grigoryan, Avetik"]
[Result "1/2-1/2"]
[WhiteElo "2496"]
[BlackElo "2583"]
[PlyCount "81"]
[EventDate "2014.03.18"]
[EventType "swiss"]
[EventRounds "10"]
[EventCountry "IND"]
[SourceTitle "CBM 159 Extra"]
[Source "ChessBase"]
[SourceDate "2014.04.24"]
[SourceVersion "1"]
[SourceVersionDate "2014.04.24"]
[SourceQuality "1"]

1. c4 c5 2. Nc3 Nc6 3. g3 g6 4. Bg2 Bg7 5. Nf3 Nf6 6. 0-0 0-0 7. d4 cxd4 8. Nxd4 Qa5 9. Nc2 d6 10. h3 Ne5 11. Ne3 Be6 12. Ncd5 Bxd5 13. cxd5 Rfc8 14. Bd2 Qa6 15. Bc3 Nfd7 16. Nc2 Nb6 17. f4 Ned7 18. Bxg7 Kxg7 19. b3 Qa5 20. Kh2 Qc3 21. Nd4 Qb2 22. a4 Nf6 23. Rb1 Qc3 24. e4 Nbd7 25. Rf3 Qb4 26. Re3 Nb6 27. Re2 a5 28. Nb5 h5 29. e5 Ne8 30. Re4 Qc5 31. f5 Qxd5 32. Qe2 gxf5 33. Rh4 Qxe5 34. Qxh5 Kf8 35. Re1 Qf6 36. Nd4 Rc5 37. Qh7 e6 38. Nxe6+ fxe6 39. Qxb7 Rc7 40. Qxb6 Rac8 41. Qxa5 1/2-1/2

[Event "Kolkata op 19th"]
[Site "Kolkata"]
[Date "2014.03.25"]
[Round "8"]
[White "Landa, Konstantin"]
[Black "Grigoryan, Avetik"]
[Result "1-0"]
[WhiteElo "2645"]
[BlackElo "2583"]
[PlyCount "131"]
[EventDate "2014.03.18"]
[EventType "swiss"]
[EventRounds "10"]
[EventCountry "IND"]
[SourceTitle "CBM 159 Extra"]
[Source "ChessBase"]
[SourceDate "2014.04.24"]
[SourceVersion "1"]
[SourceVersionDate "2014.04.24"]
[SourceQuality "1"]

1. d4 Nf6 2. Nf3 g6 3. c4 Bg7 4. Nc3 0-0 5. e4 d6 6. Be2 e5 7. 0-0 exd4 8. Nxd4 Re8 9. f3 c6 10. Kh1 Nh5 11. g4 Nf6 12. Bf4 h5 13. Nf5 gxf5 14. gxf5 d5 15. cxd5 cxd5 16. e5 Bxf5 17. exf6 Qxf6 18. Nxd5 Qxb2 19. Ne7+ Rxe7 20. Qd8+ Bf8 21. Rg1+ Bg6 22. Bc4 Nd7 23. Qxa8 Kh7 24. Raf1 Qd4 25. Bg5 Re5 26. Bb3 Qd3 27. Qd8 Bc5 28. Bc1 Bxg1 29. Kxg1 Re2 30. Qg5 Nf8 31. Bf4 Qd4+ 32. Kh1 Qc3 33. Qb5 Ne6 34. Qxe2 Nxf4 35. Qe1 Qf6 36. Qf2 Qc6 37. Qe3 Qb5 38. Rc1 Qg5 39. Rg1 Qf6 40. Rc1 Nd3 41. Rd1 Nf4 42. Rd4 Ne2 43. Rd2 Nf4 44. Rd4 Ne2 45. Rd2 Nf4 46. Bc2 Qa1+ 47. Rd1 Qxa2 48. Bxg6+ Nxg6 49. Qg5 h4 50. Qd5 Qxd5 51. Rxd5 Kg7 52. Rd8 Ne5 53. Kg2 Kf6 54. Rb8 b6 55. Rb7 Ke6 56. Rxa7 Kd6 57. f4 Nd7 58. Kh3 b5 59. Kxh4 Nc5 60. Rxf7 b4 61. Rf6+ Kc7 62. Rg6 b3 63. Rg1 b2 64. Rb1 Nd3 65. Kg5 Kd7 66. h4 1-0

[Event "Kolkata op 19th"]
[Site "Kolkata"]
[Date "2014.03.23"]
[Round "6"]
[White "Grigoryan, Avetik"]
[Black "Swapnil, S Dhopade"]
[Result "1-0"]
[WhiteElo "2583"]
[BlackElo "2424"]
[PlyCount "117"]
[EventDate "2014.03.18"]
[EventType "swiss"]
[EventRounds "10"]
[EventCountry "IND"]
[SourceTitle "CBM 159 Extra"]
[Source "ChessBase"]
[SourceDate "2014.04.24"]
[SourceVersion "1"]
[SourceVersionDate "2014.04.24"]
[SourceQuality "1"]

1. Nf3 Nf6 2. g3 d5 3. c4 c6 4. Bg2 Bg4 5. Ne5 Be6 6. cxd5 Bxd5 7. Nf3 c5 8. Nc3 Bc6 9. 0-0 e6 10. d3 Be7 11. e4 Nbd7 12. Re1 0-0 13. d4 cxd4 14. Nxd4 Ne5 15. Bf4 Nfd7 16. Rc1 Bc5 17. Re2 Qe7 18. Nd5 Qd6 19. Nxc6 bxc6 20. Nc3 Qe7 21. Be3 Rfd8 22. Qc2 Bxe3 23. Rxe3 Nb6 24. Rd1 c5 25. f4 Ng4 26. Red3 c4 27. Rxd8+ Rxd8 28. Rxd8+ Qxd8 29. Qd1 Qxd1+ 30. Nxd1 e5 31. Bh3 Nf6 32. Nc3 Nfd7 33. Bxd7 Nxd7 34. Kf2 f6 35. Ke3 Kf7 36. Nb5 Ke7 37. Nxa7 Kd6 38. Nb5+ Kc5 39. Nc3 Nb8 40. Nd5 Nc6 41. Nc7 Nd4 42. f5 Nc2+ 43. Kd2 Nb4 44. Ne6+ Kd6 45. Kc3 Nxa2+ 46. Kxc4 g6 47. g4 Nc1 48. Nf8 gxf5 49. gxf5 h6 50. Nh7 Ke7 51. b4 Ne2 52. b5 Nd4 53. b6 Nc6 54. Kb5 Nd8 55. Kc5 Kf7 56. Kd6 Nb7+ 57. Kc7 Nc5 58. b7 Kg7 59. Nxf6 1-0

[Event "Kolkata op 19th"]
[Site "Kolkata"]
[Date "2014.03.22"]
[Round "5"]
[White "Prasanna Raghuram, Rao"]
[Black "Grigoryan, Avetik"]
[Result "1/2-1/2"]
[WhiteElo "2410"]
[BlackElo "2583"]
[PlyCount "96"]
[EventDate "2014.03.18"]
[EventType "swiss"]
[EventRounds "10"]
[EventCountry "IND"]
[SourceTitle "CBM 159 Extra"]
[Source "ChessBase"]
[SourceDate "2014.04.24"]
[SourceVersion "1"]
[SourceVersionDate "2014.04.24"]
[SourceQuality "1"]

1. d4 Nf6 2. c4 e6 3. g3 c5 4. d5 exd5 5. cxd5 d6 6. Nc3 g6 7. Bg2 Bg7 8. Nf3 0-0 9. 0-0 Nbd7 10. a4 Qe7 11. a5 Ne4 12. Nxe4 Qxe4 13. Bf4 Qe7 14. Qd2 Nf6 15. Bg5 Re8 16. Rfe1 Qf8 17. Bxf6 Bxf6 18. e4 Qg7 19. Rab1 Bg4 20. h3 Bxf3 21. Bxf3 b5 22. a6 Rab8 23. Re2 h5 24. h4 Rb6 25. Qa5 c4 26. Bg2 g5 27. hxg5 Qxg5 28. Bh3 Kf8 29. Kg2 h4 30. Qa3 b4 31. Qf3 Rxa6 32. Bd7 Rb8 33. Rh1 Ke7 34. Bf5 Rh8 35. e5 Bxe5 36. Re4 h3+ 37. Bxh3 Qf6 38. Qe3 Ra2 39. Rxc4 Rxb2 40. Qxa7+ Kf8 41. Rc8+ Kg7 42. Rxh8 Bd4 43. Rh7+ Kxh7 44. Bf5+ Kg7 45. Rh7+ Kf8 46. Qb8+ Ke7 47. Qc7+ Kf8 48. Qc8+ Ke7 1/2-1/2

[Event "EU-ch 15th"]
[Site "Yerevan"]
[Date "2014.03.12"]
[Round "9"]
[White "Grigoryan, Avetik"]
[Black "Minasian, Artashes"]
[Result "1-0"]
[WhiteElo "2583"]
[BlackElo "2482"]
[PlyCount "131"]
[EventDate "2014.03.03"]
[EventType "swiss"]
[EventRounds "11"]
[EventCountry "ARM"]
[SourceTitle "CBM 160"]
[Source "ChessBase"]
[SourceDate "2014.05.15"]
[SourceVersion "1"]
[SourceVersionDate "2014.05.15"]
[SourceQuality "1"]

1. d4 Nf6 2. c4 c5 3. d5 e6 4. Nc3 exd5 5. cxd5 d6 6. e4 g6 7. f4 Bg7 8. Bb5+ Nfd7 9. Bd3 0-0 10. Nf3 Nf6 11. 0-0 Bg4 12. h3 Bxf3 13. Qxf3 Nbd7 14. Be3 a6 15. Bf2 b5 16. Rae1 Re8 17. Kh1 Qa5 18. Bb1 Rab8 19. Re2 b4 20. Nd1 Nb6 21. Ne3 Qb5 22. Ree1 Nfd7 23. b3 a5 24. Rd1 a4 25. Bd3 Qa5 26. Bg3 Rf8 27. e5 dxe5 28. f5 axb3 29. axb3 Qa2 30. Ng4 Qxb3 31. f6 Nxf6 32. Nxf6+ Bxf6 33. Qxf6 Nxd5 34. Qxe5 Rbe8 35. Bc2 Qe3 36. Qxd5 Qxg3 37. Bb3 Rd8 38. Qxf7+ Rxf7 39. Rxd8+ Kg7 40. Bxf7 b3 41. Rd7 b2 42. Be6+ Kh6 43. Bg8 Kg5 44. Rd5+ Kh6 45. Rd7 Kg5 46. Ba2 Kh6 47. Rd2 Qa3 48. Bb1 c4 49. Kh2 c3 50. Rdf2 Qd6+ 51. g3 Qe5 52. Bc2 Qe3 53. Bb1 Qe5 54. Bc2 Qe3 55. h4 Qe6 56. Bb1 Qg4 57. Rc2 Qd4 58. Re2 Qc4 59. Ref2 Qg4 60. Re1 Qd4 61. Kg2 Qd7 62. Bc2 Qc8 63. Re7 Qc6+ 64. Kh2 Qd5 65. Rff7 Kh5 66. Rd7 1-0

[Event "EU-ch 15th"]
[Site "Yerevan"]
[Date "2014.03.10"]
[Round "7"]
[White "Grigoryan, Avetik"]
[Black "Matlakov, Maxim"]
[Result "1/2-1/2"]
[WhiteElo "2583"]
[BlackElo "2695"]
[PlyCount "80"]
[EventDate "2014.03.03"]
[EventType "swiss"]
[EventRounds "11"]
[EventCountry "ARM"]
[SourceTitle "CBM 160"]
[Source "ChessBase"]
[SourceDate "2014.05.15"]
[SourceVersion "1"]
[SourceVersionDate "2014.05.15"]
[SourceQuality "1"]

1. c4 Nf6 2. g3 e5 3. Bg2 c6 4. d4 Bb4+ 5. Bd2 Bxd2+ 6. Qxd2 d6 7. Nc3 0-0 8. e4 Nbd7 9. Nge2 a6 10. Rd1 Qa5 11. b3 b5 12. c5 dxc5 13. dxe5 Nxe5 14. f4 Ned7 15. e5 b4 16. exf6 bxc3 17. Qxc3 Qxc3+ 18. Nxc3 Nxf6 19. Bxc6 Rb8 20. 0-0 Bg4 21. Rd2 Rfc8 22. Nd5 Kf8 23. Nxf6 gxf6 24. Bd5 Rd8 25. Rff2 a5 26. f5 Bh3 27. a4 Kg7 28. Bc4 Rxd2 29. Rxd2 Bxf5 30. Rd5 Bc2 31. Rxc5 Bxb3 32. Bxb3 Rxb3 33. Kg2 Rb2+ 34. Kh3 Ra2 35. Rxa5 f5 36. Rxf5 Rxa4 37. g4 f6 38. Kh4 Kg6 39. Rb5 Ra2 40. h3 Ra3 1/2-1/2

[Event "EU-ch 15th"]
[Site "Yerevan"]
[Date "2014.03.08"]
[Round "6"]
[White "Charochkina, Daria"]
[Black "Grigoryan, Avetik"]
[Result "0-1"]
[WhiteElo "2374"]
[BlackElo "2583"]
[PlyCount "130"]
[EventDate "2014.03.03"]
[EventType "swiss"]
[EventRounds "11"]
[EventCountry "ARM"]
[SourceTitle "CBM 160"]
[Source "ChessBase"]
[SourceDate "2014.05.15"]
[SourceVersion "1"]
[SourceVersionDate "2014.05.15"]
[SourceQuality "1"]

1. d4 e6 2. c4 b6 3. e4 Bb7 4. Bd3 Nc6 5. Ne2 Nb4 6. 0-0 Ne7 7. Nbc3 Nxd3 8. Qxd3 d6 9. d5 g6 10. dxe6 fxe6 11. Nf4 Qd7 12. Qh3 Bc8 13. e5 Bg7 14. exd6 cxd6 15. Re1 e5 16. Qf3 Bb7 17. Nfd5 Nf5 18. Be3 0-0 19. Qd1 Rf7 20. Ne4 h6 21. Qg4 Bxd5 22. cxd5 Kh7 23. a4 Qb7 24. Qd1 Rd8 25. Qb3 Nd4 26. Bxd4 exd4 27. Rac1 Rf5 28. Rc6 Qf7 29. Nxd6 Qxd5 30. Qxd5 Rxd5 31. Ne4 d3 32. Nd2 Rc5 33. Rxc5 bxc5 34. b3 Bc3 35. Rd1 Bxd2 36. Rxd2 Rb8 37. Rxd3 c4 38. Rd7+ Kg8 39. Kf1 cxb3 40. Rd1 Kf7 41. Rb1 Ke6 42. Ke2 a5 43. Kd3 Rb4 44. Kc3 Rg4 45. Rg1 Rb4 46. Rb1 Rxa4 47. Re1+ Kf5 48. Kxb3 Rg4 49. g3 Re4 50. Rd1 a4+ 51. Ka3 Re2 52. Rf1 Kg4 53. Kxa4 g5 54. Kb3 Kf3 55. Rc1 Rxf2 56. Rc3+ Kg4 57. Rc4+ Kh3 58. g4 Kxh2 59. Kc3 Kg3 60. Kd3 Rf4 61. Rc6 Kxg4 62. Rxh6 Kg3 63. Ke2 g4 64. Rg6 Rf7 65. Ke1 Kh3 0-1

[Event "EU-ch 15th"]
[Site "Yerevan"]
[Date "2014.03.06"]
[Round "4"]
[White "Grishchenko, Sergey"]
[Black "Grigoryan, Avetik"]
[Result "1/2-1/2"]
[WhiteElo "2431"]
[BlackElo "2583"]
[PlyCount "81"]
[EventDate "2014.03.03"]
[EventType "swiss"]
[EventRounds "11"]
[EventCountry "ARM"]
[SourceTitle "CBM 160"]
[Source "ChessBase"]
[SourceDate "2014.05.15"]
[SourceVersion "1"]
[SourceVersionDate "2014.05.15"]
[SourceQuality "1"]

1. d4 e6 2. c4 f5 3. g3 Nf6 4. Bg2 d5 5. Nh3 c6 6. b3 Bd6 7. 0-0 0-0 8. Nd2 Nbd7 9. Bb2 b6 10. cxd5 cxd5 11. Nc4 Bb4 12. a3 Be7 13. Nf4 Nb8 14. Ne5 Bd6 15. a4 Re8 16. Nfd3 a5 17. f3 Bb7 18. Qc1 Na6 19. Ba3 Rc8 20. Qd2 Bxa3 21. Rxa3 Nd7 22. Nxd7 Qxd7 23. Raa1 Qd6 24. Rfc1 h6 25. Rxc8 Rxc8 26. Rc1 Rxc1+ 27. Qxc1 Nb8 28. Ne5 Nc6 29. Nxc6 Bxc6 30. Qc3 Kf7 31. e3 Ke7 32. Bf1 Kd7 33. Kf2 Qa3 34. Bb5 Bxb5 35. axb5 Qa2+ 36. Kg1 Qe2 37. Qc6+ Ke7 38. Qxb6 Qxe3+ 39. Kg2 Qe2+ 40. Kg1 Qe1+ 41. Kg2 1/2-1/2

[Event "ARM-ch 74th"]
[Site "Yerevan"]
[Date "2014.01.12"]
[Round "1"]
[White "Grigoryan, Avetik"]
[Black "Ter Sahakyan, Samvel"]
[Result "1/2-1/2"]
[WhiteElo "2571"]
[BlackElo "2574"]
[PlyCount "63"]
[EventDate "2014.01.12"]
[EventType "tourn"]
[EventRounds "9"]
[EventCountry "ARM"]
[EventCategory "14"]
[SourceTitle "CBM 159"]
[Source "ChessBase"]
[SourceDate "2014.03.17"]
[SourceVersion "1"]
[SourceVersionDate "2014.03.17"]
[SourceQuality "1"]

1. c4 Nf6 2. Nf3 e6 3. g3 d5 4. Bg2 Be7 5. 0-0 0-0 6. d4 dxc4 7. Qc2 a6 8. a4 Bd7 9. Qxc4 Bc6 10. Bf4 Bd6 11. Nc3 Bxf4 12. gxf4 a5 13. Ne5 Bxg2 14. Kxg2 Na6 15. e3 Nb4 16. Qb5 Qc8 17. Rac1 Nfd5 18. Qe2 f6 19. Nc4 Qd7 20. b3 b6 21. Rfd1 Rfd8 22. Ne4 Ne7 23. Ng3 Qe8 24. Qg4 Qf7 25. h4 Rd7 26. Kh2 Rad8 27. Rg1 Kh8 28. Rg2 Rd5 29. Rcg1 Rg8 30. Nd2 c5 31. Nf3 Nbc6 32. dxc5 1/2-1/2

[Event "Jakarta Indonesia op 3rd"]
[Site "Jakarta"]
[Date "2013.10.14"]
[Round "6"]
[White "Gundavaa, Bayarsaihan"]
[Black "Grigoryan, Avetik"]
[Result "1/2-1/2"]
[WhiteElo "2500"]
[BlackElo "2577"]
[PlyCount "60"]
[EventDate "2013.10.10"]
[EventType "swiss"]
[EventRounds "11"]
[EventCountry "INA"]
[SourceTitle "CBM 156 Extra"]
[Source "ChessBase"]
[SourceDate "2013.10.22"]
[SourceVersion "1"]
[SourceVersionDate "2013.10.22"]
[SourceQuality "1"]

1. d4 Nf6 2. c4 e6 3. Nc3 c5 4. d5 exd5 5. cxd5 d6 6. Nf3 g6 7. e4 a6 8. a4 Bg4 9. Be2 Bxf3 10. Bxf3 Nbd7 11. 0-0 Bg7 12. Be2 0-0 13. Qc2 Rb8 14. Bf4 Qe7 15. a5 h5 16. h3 Rfe8 17. Ra4 Nh7 18. Be3 Nhf8 19. Qd2 Rec8 20. Rc1 Rc7 21. f4 Rcc8 22. e5 dxe5 23. d6 Qf6 24. Rf1 e4 25. Rxe4 Re8 26. Bf3 Ne6 27. Re1 Kf8 28. Bf2 Red8 29. Qd5 Qf5 30. Rxe6 fxe6 1/2-1/2